000 00551nam a2200205 a 4500
001 23914
003 CO-ViMGA
008 141112s2004 ck r 000 u spa d
020 _a9681670248
040 _aCO-ViMGA
_bspa
_cCO-ViMGA
082 0 4 _aBERje
100 1 _aBernard, Fred
_934668
245 1 0 _aJesus betz /
_cFred Bernard
260 _aMéxico :
_bfondo de cultura economica
300 _a29p.
490 _aA la orilla del viento
650 1 4 _a2 : AMOR - CUENTOS INFANTILES
_934669
650 1 4 _aCUENTOS INFANTILES
_92743
942 _2ddc
_cBK
999 _c31983
_d31983